000 00585nam a2200157 4500
999 _c16572
_d16572
008 220224b ||||| |||| 00| 0 eng d
022 _a0091-4169
082 _aDPer 364.05 J82 2010 vol. 100 no. 3
100 _aPasko, Lisa.
_944133
245 _aDamaged daughters:
_bthe history of girls' sexuality and the juvenile justice system/
_cLisa Pasko.
260 _aEvanston:
_bNorthwestern University Press,
_cc2010.
300 _av100 n3, pages 1099-1130:
_c25 cm.
500 _aThe Journal of Criminal and Criminology.
650 _aAdministration of justice.
_944134
942 _2ddc
_cPER